Качество работы: роль человеческого фактора

Библиографические подробности
Главный автор: Бляхман Л. С. Леонид Соломонович
Другие авторы: Сидоров В. А. Валерий Анатольевич
Язык:русский
Опубликовано: Москва, Экономика, 1990
Серии:Труд и стимулы
Предметы:
Формат: Книга
Запись в KOHA:https://koha.lib.tpu.ru/cgi-bin/koha/opac-detail.pl?biblionumber=374075

MARC

LEADER 00000nam0a2200000 4500
001 374075
005 20231102012624.0
010 |a 5282000571 
020 |a RU  |b 90-30277 
035 |a (RuTPU)RU\TPU\retro\31509 
035 |a RU\TPU\book\249696 
090 |a 374075 
100 |a 20221216d1990 km y0rusy5003 ca 
101 0 |a rus 
102 |a RU 
105 |a y z 000zy 
200 1 |a Качество работы: роль человеческого фактора  |f Л. С. Бляхман, В. А. Сидоров 
210 |a Москва  |c Экономика  |d 1990 
215 |a 191 с.  |d 20 см 
225 1 |a Труд и стимулы 
606 1 |a Труд  |x Качество  |2 stltpush  |3 (RuTPU)RU\TPU\subj\37091  |9 58237 
610 1 |a образ жизни 
610 1 |a рабочие 
610 1 |a адаптация 
610 1 |a квалификация 
610 1 |a стимулирование 
610 1 |a человеческий фактор 
610 1 |a повышение 
686 |a У9(2)242  |2 rubbk 
700 1 |a Бляхман  |b Л. С.  |g Леонид Соломонович  |4 070 
701 1 |a Сидоров  |b В. А.  |g Валерий Анатольевич  |4 070 
801 0 |a RU  |b RuMRKP  |c 19950417  |g psbo 
801 1 |a RU  |b 63413507  |c 20121226 
801 2 |a RU  |b 63413507  |c 20221216  |g RCR 
942 |c BK